[Event "Olympiad Women-44"]
[Site "Chennai"]
[Date "2022.08.06"]
[Round "8.3"]
[White "Alhasan, Zainah"]
[Black "Eversley, Kiarra"]
[Result "0-1"]
[WhiteElo "1095"]
[BlackElo "1356"]
[PlyCount "74"]
[EventDate "2022.07.29"]
[EventType "team-swiss"]
[EventRounds "11"]
[EventCountry "IND"]
[SourceTitle "CBM 210"]
[Source "ChessBase"]
[SourceDate "2022.10.31"]
[SourceVersion "1"]
[SourceVersionDate "2022.10.31"]
[SourceQuality "1"]
[WhiteTeam "Kuwait (W)"]
[BlackTeam "Barbados (W)"]
[WhiteTeamCountry "KUW"]
[BlackTeamCountry "BAR"]

1. e4 c5 2. Nf3 e6 3. Nc3 Nc6 4. d4 cxd4 5. Nxd4 d6 6. Qd3 Bd7 7. Be3 Nf6 8. 0-0-0 Ne5 9. Qd2 a6 10. f4 Neg4 11. f5 Nxe3 12. Qxe3 Be7 13. Bc4 Nd5 14. Qf2 Nxc3 15. bxc3 Bg5+ 16. Kb1 Qb6+ 17. Ka1 e5 18. Qg3 Bf6 19. Nb3 0-0 20. Rhf1 Bb5 21. Bxb5 axb5 22. Rb1 Qa6 23. Nc1 Rfc8 24. Rf3 Rc4 25. Qg4 Ra4 26. Rb2 d5 27. c4 bxc4 28. c3 d4 29. h4 Ra3 30. Rff2 Rxc3 31. Rfc2 Rxc2 32. Rxc2 d3 33. Rf2 c3 34. Nb3 c2 35. Nc1 Qa3 36. Rxc2 dxc2 37. Qe2 Qxc1# 0-1

[Event "Online Olym Div3 E"]
[Site "Chess.com INT"]
[Date "2020.08.08"]
[Round "4.1"]
[White "Eversley, Kiarra"]
[Black "Mencos Castillo, Maria E"]
[Result "0-1"]
[WhiteElo "1300"]
[BlackElo "1865"]
[PlyCount "64"]
[EventDate "2020.08.07"]
[EventType "team-tourn (rapid)"]
[EventRounds "9"]
[EventCountry "USA"]
[SourceTitle "CBM 198"]
[Source "ChessBase"]
[SourceDate "2020.10.31"]
[SourceVersion "1"]
[SourceVersionDate "2020.10.31"]
[SourceQuality "1"]
[WhiteTeam "Barbados"]
[BlackTeam "Guatemala"]
[WhiteTeamCountry "BAR"]
[BlackTeamCountry "GUA"]

1. e4 e5 2. d4 exd4 3. Nf3 Nc6 4. Nxd4 Bc5 5. Nb3 Bb6 6. Nc3 d6 7. Qe2 Be6 8. Be3 Nf6 9. f3 Qe7 10. 0-0-0 Bxe3+ 11. Qxe3 a5 12. Nd4 0-0 13. Nxc6 bxc6 14. Be2 Rfb8 15. Rhe1 Qe8 16. a3 Qc8 17. e5 Nd5 18. Nxd5 cxd5 19. exd6 cxd6 20. Qd4 Rb7 21. Rd3 Rc7 22. Rd2 Rb8 23. Bd3 Qb7 24. Ree2 Qb3 25. c3 Rcb7 26. Rc2 Qa2 27. Kd2 Rxb2 28. Rxb2 Rxb2+ 29. Ke3 Rxe2+ 30. Bxe2 Qxa3 31. Bd1 Qc5 32. Ba4 Kf8 0-1